| 000 | 00502nam a22001937a 4500 | ||
|---|---|---|---|
| 003 | MPLRDC | ||
| 005 | 20220104114705.0 | ||
| 008 | 210129b ||||| |||| 00| 0 eng d | ||
| 020 | _a7-5327-1346-6 | ||
| 082 | _a147.79 APEL | ||
| 100 | _a卡尔. 奥托. 阿佩尔 | ||
| 245 |
_a哲学的改选 _c孙周兴等译 |
||
| 250 | _a一版一刷 | ||
| 260 |
_a _b上海译文出版社 _c1994 |
||
| 300 | _b平 | ||
| 490 | _a当代学术思潮译丛 | ||
| 650 | _a德奥哲学 | ||
| 942 |
_cBK _o147.79 APEL |
||
| 999 |
_c9462 _d9452 |
||